Le Nigeria pour les touristes... - Facile - Statistiques

Statistiques générales
  • Ce quiz a été pris 15 fois
  • Le résultat moyen est 9 sur 20
Statistiques - réponses
Question Indice Réponses Indice facile % Correct
Quelle est la langue officielle ? Anglais
93%
Ce pays est plus grand que la France (oui/non) Oui
93%
Quel pays a accordé son indépendance à celui-ci ? Royaume-Uni
93%
La religion majoritaire est Islam I
79%
Le principal aéroport est L Lagos
79%
Quel est le régime du pays ? R République
79%
Dans la capitale quel est le décalage horaire avec Paris ? (+ ou - et chiffre) ex - 10 ou + 3,5 - 1
71%
Quelles sont les principaux lieux touristiques ? K Ville de {Kano} NOAK
43%
Le suffixe internet est ng
36%
Quelles sont les principaux lieux touristiques ? L Centre de conservation de {Lekki} KILKE
29%
Achats à faire 2/ Instrument de musique Djembé Djembé
29%
Quelle est la monnaie ? Naira N
29%
Quelles sont les principaux lieux touristiques ? O {Olumo} rock OLUMO
29%
Quelles sont les principaux lieux touristiques ? E Musée de l'{esclavage} à Badagry GLEAAECVS
21%
Quel est le climat local ? T D {Tropical} & {Désertique}
21%
Quelles sont les principaux lieux touristiques ? M Monts {Mandara} ANDRAAM
14%
Achats à faire 1/ Instrument de musique Balafon OFLNABA
7%
Quelles sont les principaux lieux touristiques ? O O Bosquet sacré d'{Osun Osogbo} OSGUOOSNOB
7%
Quelles sont les principaux lieux touristiques ? L Par naturel de {Lufasi} UAISLF
7%
Code sur les plaques minéralogiques WAN
7%
Aucun quiz correspondant
Distribution des résultats
% des personnes avec chaque résultat
Percentile par nombre de réponses
Votre historique - résultats
Vous n’avez pas pris ce quiz